Poradenství pro podnikatele a manažery Zásady a zkušenosti I.díl

Enregistré dans:
Détails bibliographiques
Auteur principal: Kubr, Milan
Autres auteurs: Dominik, Pavel (Traducteur)
Format: Livre
Langue:tchèque
Publié: Praha CAPA 1991
Édition:1. vyd.
Accès en ligne:Voir à l'OPAC
Tags: Ajouter un tag
Pas de tags, Soyez le premier à ajouter un tag!

MARC

LEADER 00000nam a2200000 a 4500
005 20260127134149.0
008 131003s1991 CS 0 cze c
020 |a 8070640367 
035 |a vtls001131489 
035 |a SNK000074340 
039 9 |a 201310031122  |b VLOAD  |c 201306201752  |d VLOAD  |c 200811280927  |d mschk03  |y 200604101644  |z msnk01 
040 |a SNK  |b slo  |c SNK  |d STUSCHK1  |e AACR2 
041 0 |a cze 
044 |a [CS] 
080 |a 65.012.4  |2 1981 
080 |a 658.114  |2 1981 
100 1 |a Kubr, Milan 
245 1 0 |a Poradenství pro podnikatele a manažery  |b Zásady a zkušenosti  |c Milan Kubr ; přel. Pavel Dominik  |n I.díl 
250 |a 1. vyd. 
260 |a Praha  |b CAPA  |c 1991  |e Ostrava  |f Ostravské tiskárny 
300 |c 21 cm 
700 1 |a Dominik, Pavel  |4 trl 
910 |a snk 
910 |a SCHK95 
919 |a 80-7064-036-7 
954 |a podnikanie  |a manažment  |x príručky 
968 |d Z angl. orig.  |e ... 
999 |c 5588  |d 5588